000 00649nam a2200193Ia 4500
003 GCL
008 140319s9999 xx 000 0 ara d
040 _aGCL /
_cGCL
082 0 4 _aش ف
_b791.43
_bن د
100 1 _aناصر حسين
245 1 0 _aدرب العوالم (شرائط فيديو) /
_cناصر حسين
260 _aالقاهرة :
_bالاصدقاء فيديو فيلم
300 _a1 شريط:
_bلو ؛
_c1\2 بوصة
650 0 4 _aالافلام السينمائية
650 0 4 _aالافلام العربية
650 0 4 _aالافلام الاجتماعية
650 0 4 _aالفيديو، أشرطة
942 _2ddc
_cVM
999 _c33790
_d33790